KOHA-Header-6

Finance of Foreign Trade And Foreign Exchange (Record no. 2829)

000 -LEADER
fixed length control field 00297nam a2200109Ia 4500
008 - FIXED-LENGTH DATA ELEMENTS--GENERAL INFORMATION
fixed length control field 190902s9999||||xx |||||||||||||| ||und||
100 ## - MAIN ENTRY--PERSONAL NAME
Personal name Dr. Asrar . H. Siddiqi
245 #0 - TITLE STATEMENT
Title Finance of Foreign Trade And Foreign Exchange
260 ## - PUBLICATION, DISTRIBUTION, ETC. (IMPRINT)
Place of publication, distribution, etc Karachi
Name of publisher, distributor, etc Royal Book Company
Date of publication, distribution, etc 2009
300 ## - PHYSICAL DESCRIPTION
Extent 423
942 ## - ADDED ENTRY ELEMENTS (KOHA)
Koha item type Books
Holdings
Withdrawn status Lost status Damaged status Not for loan Permanent Location Current Location Date acquired Barcode Date last seen Price effective from Koha item type
        MAJU MAJU 2019-09-02 6494 2023-06-07 2019-09-02 Books

Powered by Koha